000 00452nam a2200193Ia 4500
005 20240823013001.0
008 240823s9999||||xx |||||||||||||| ||und||
020 _a0-07-049492-4
041 _aENGLISH
082 _A621.381 P3
100 _aJain R P
245 0 _aModern Digital Electronics
250 _a3rd
260 _c2003
_bTMH New D
500 _aYES
650 _aDigital Electronics
_bInstrumentation
942 _cBK
999 _c165958
_d165958